000 00410nam a2200193Ia 4500
008 240510s9999 xx 000 0 und d
020 _a9789558933558
041 _asih
082 _a891.483
082 _bK14
100 _aKALINGA,K.K.
245 0 _aPiyasi Kawluwa
260 _bColombo:Kinkini Creations
260 _c2011
300 _a216 p.
650 _aNovel
942 _2ddc
942 _cLBK
999 _c28853
_d28853
945 _a1
_bMadushi Gamage
_c1
_dMadushi Gamage